Elementos para una teoría del texto literario

Uloženo v:
Podrobná bibliografie
Hlavní autor: Mignolo, Walter D. (autor)
Médium: Kniha
Jazyk:španělština
Vydáno: Barcelona Crítica 1978
Edice:Colección Filología, 3
Témata:
Tagy: Přidat tag
Žádné tagy, Buďte první, kdo vytvoří štítek k tomuto záznamu!

MARC

LEADER 00000nam a2200000 a 4500
001 UCX5977
003 CL-VaPUC
008 930324e19780000SP |||||||||||||||||spa|d
082 0 4 |a 801.95  |b MIG  |2 21 
100 |a Mignolo, Walter D.  |e autor  |9 598736 
245 1 0 |a Elementos para una teoría del texto literario 
300 |a 383 p 
942 |c BK 
945 |d 19930324 00:00:00 
260 |a Barcelona  |b Crítica  |c 1978 
650 0 |a Crítica literaria   |9 269189 
650 7 |a LITERATURA HISTORIA Y CRITICA  |2 CL-VaPUC  |9 322351 
650 0 |a Hermenéutica  |9 269473 
583 |a last modification  |c 19930324 00:00:00  |k Rodrigo Vera 
490 0 |a Colección Filología, 3 
999 |c 226084  |d 226082 
952 |0 0  |1 0  |4 0  |6 801_950000000000000_MIG_1978  |7 0  |8 A  |9 224186  |a BIBEDU  |b BIBEDU  |d 2019-11-15  |i 2929872  |o 801.95 MIG 1978  |p 2929872  |r 2019-11-15  |w 2019-11-15  |y BK  |k LIT 
952 |0 0  |1 0  |4 0  |6 801_950000000000000_MIG_1978  |7 0  |8 A  |9 224187  |a BIBEDU  |b BIBEDU  |d 2019-11-15  |i 1321552  |l 1  |o 801.95 MIG 1978  |p 1321552  |r 2022-05-19  |s 2022-05-16  |w 2019-11-15  |y BK  |k LIT